Oy Fırat, (Record no. 50274)

MARC details
000 -LEADER
fixed length control field 00786cam a22002291 4500
001 - CONTROL NUMBER
control field ne 68001335
003 - CONTROL NUMBER IDENTIFIER
control field DLC
005 - DATE AND TIME OF LATEST TRANSACTION
control field 20260227111840.0
008 - FIXED-LENGTH DATA ELEMENTS--GENERAL INFORMATION
fixed length control field 930401s1966 tu acf b 000 0 tur
010 ## - LIBRARY OF CONGRESS CONTROL NUMBER
LC control number ne 68001335
035 ## - SYSTEM CONTROL NUMBER
System control number (OCoLC)27842738
040 ## - CATALOGING SOURCE
Original cataloging agency DLC
Transcribing agency CU
Modifying agency CU
-- DLC
050 00 - LIBRARY OF CONGRESS CALL NUMBER
Classification number DR429
Item number .O84
100 1# - MAIN ENTRY--PERSONAL NAME
Personal name Otyam, Fikret.
245 10 - TITLE STATEMENT
Title Oy Fırat,
Remainder of title âsî Fırat; denizi yiyenler; yaşama duvarı; kızamık melekleri. Gezi notları.
260 ## - PUBLICATION, DISTRIBUTION, ETC.
Place of publication, distribution, etc. Ankara,
Name of publisher, distributor, etc. Genel dağıtım; Yalım Kitabevi,
Date of publication, distribution, etc. 1966.
300 ## - PHYSICAL DESCRIPTION
Extent 184 p.
Other physical details illus., plates, ports.
Dimensions 17 cm.
400 10 - SERIES STATEMENT/ADDED ENTRY--PERSONAL NAME [OBSOLETE, CAN/MARC], [LOCAL, USA]
Personal name Otyam, Fikret.
Title of a work Gide gide,
Volume number/sequential designation 8
500 ## - GENERAL NOTE
General note Collection of articles previously published in various periodicals.
504 ## - BIBLIOGRAPHY, ETC. NOTE
Bibliography, etc. note Bibliographical footnotes.
651 #0 - SUBJECT ADDED ENTRY--GEOGRAPHIC NAME
Geographic name Turkey
General subdivision Description and travel.

No items available.

Powered by Koha